000 01077nam0a22002411 4500
001 rc\4785769
005 20260406144853.0
021 _aRU
_bРг7920-69
035 _a(NLR Aleph) 009005697
090 _a9335496
_c9335496
100 _a20130417d1968 |||y0rusy50 ca
101 0 _arus
102 _aRU
105 _aa b |||||
200 1 _aОборудование для определения качественных характеристик хлопка-волокна
_eКаталог]
_f[Разраб. Центр. проектно-конструкторским бюро приборостроения М-ва сел. хоз-ва СССР
210 _aМосква
_cКолос
_d[1968]
215 _a[12] с.
_cил.
_d22
712 0 1 _aСССР
_bМинистерство сельского хозяйства
_bЦентральное опытно-конструкторское бюро приборостроения
_9344342
_3RU\NLR\AUTH\889924229
801 0 _aRU
_bNLR
_gpsbo
801 1 _aRU
_bELAR
_2rusmarc
852 _aNLR
_jПт 56/129
942 _cBOOK
980 _aNB